| 000 | 00397nam a2200169Ia 4500 | ||
|---|---|---|---|
| 001 | 7511 | ||
| 003 | IN-NITTTR | ||
| 005 | 20251114233029.0 | ||
| 008 | 251113s9999||||xx |||||||||||||| ||eng|| | ||
| 040 | _beng | ||
| 040 | _cIN-NITTTR | ||
| 041 | _aeng | ||
| 082 | _a621.2 M553H | ||
| 100 | _aMerritt, Herbert E. | ||
| 245 | 0 |
_aHydraulic control systems. / _cMerritt, Herbert E. |
|
| 942 |
_2ddc _cBK |
||
| 999 |
_c10149 _d10149 |
||